Крупнейшие партнёры по экспорту для каждой страны мира - Statistics

General Stats
  • This quiz has been taken 77 times
  • The average score is 170 of 196
Answer Stats
Страна Главный экспортёр % Correct
Австрия | Бельгия | Болгария | +19 others Германия
100%
Багамские острова | Бангладеш | Барбадос | +37 others Соединённые Штаты Америки
100%
Австралия | Ангола | Бразилия | +34 others Китай
97%
Армения | Беларусь | Кыргызстан | Литва Россия
97%
Афганистан | Боливия | Гвинея-Бисау | +3 others Индия
97%
Азербайджан | Албания | Алжир | +4 others Италия
93%
Аргентина | Парагвай Бразилия
93%
Белиз | Норвегия Великобритания
93%
Ватикан Италия (предположительно)
93%
Египет Турция
93%
Андорра | Кабо-Верде | Марокко | Португалия Испания
90%
Испания | Мадагаскар | Сейшельские острова | Тунис Франция
90%
Катар | Кирибати | Палау Япония
90%
Куба | Соединённые Штаты Америки Канада
90%
Монако Франция (таможенный союз)
90%
Зимбабве | Лесото | Маврикий | +3 others Южно-Африканская Республика
86%
Восточный Тимор Индонезия
83%
Бахрейн | Йемен | Кувейт | +2 others Саудовская Аравия
79%
Папуа-Новая Гвинея Австралия
79%
Сирия Ирак
79%
Черногория Сербия
76%
Антигуа и Барбуда | Ботсвана | Бурунди | +9 others Объединённые Арабские Эмираты
72%
Швеция Норвегия
72%
Лаос | Мальдивы | Науру Таиланд
66%
Латвия Литва
66%
Эстония Финляндия
66%
Маршалловы острова Дания
62%
Молдова Румыния
62%
Самоа | Тонга Новая Зеландия
62%
Буркина-Фасо | Замбия | Ливан | Таджикистан Швейцария
59%
Вануату Малайзия
59%
Исландия | Кот-д'Ивуар | Сан-Томе и Принсипи Нидерланды
59%
Косово Албания
59%
Руанда Демократическая Республика Конго
59%
Хорватия Словения
52%
Джибути Эфиопия
48%
Малави Бельгия
45%
Бенин Бангладеш
41%
Бруней Сингапур
41%
Гамбия Сенегал
41%
Эфиопия Сомали
41%
Сенегал Мали
38%
Кипр Ливан
31%
Кения Уганда
24%
Либерия Кот-д'Ивуар
21%
Того Буркина-Фасо
10%
Доминика Сент-Китс и Невис
3%
No matching quizzes found
Score Distribution
Percent of People with Each Score
Percentile by Number Answered
Your Score History
You have not taken this quiz